Mapa de los Reinos Ibéricos medievales - Estadísticas

Estadísticas generales
  • Esta prueba ha sido intentada 60 veces
  • La puntuación promedio es 14 de 15
Respuestas en el mapa
Las respuestas están codificadas por una escala verde-roja en el mapa de la prueba según el % correcto abajo.
 
Estadísticas de respuestas
Respuesta % Correcto
Portugal
100%
Aragón
98%
Castilla
98%
Granada
98%
León
96%
Navarra
96%
Galicia
95%
Sevilla
95%
Valencia
95%
Córdoba
93%
Jaén
93%
Murcia
93%
Toledo
91%
Mallorca
84%
Algarve
70%
No se encontraron pruebas coincidentes
Distribución de puntuación
Porcentaje de gente con cada puntuación
Porcentaje por número respondido
Historial de tus puntuaciones
No has intentado esta prueba.